Vademécum de farmacología veterinaria en perros y gatos / (Record no. 218132)
[ view plain ]
| 000 -CABECERA | |
|---|---|
| campo de control de longitud fija | 00835 a2200241 4500 |
| 003 - IDENTIFICADOR DEL NÚMERO DE CONTROL | |
| campo de control | OSt |
| 005 - FECHA Y HORA DE LA ÚLTIMA TRANSACCIÓN | |
| campo de control | 20230616134344.0 |
| 008 - DATOS DE LONGITUD FIJA--INFORMACIÓN GENERAL | |
| campo de control de longitud fija | 230123s2019 mx a||||r|||| 00| 0 spa d |
| 020 ## - NÚMERO INTERNACIONAL ESTÁNDAR DEL LIBRO | |
| Número Internacional Estándar del Libro | 9786071734938 |
| 040 ## - FUENTE DE LA CATALOGACIÓN | |
| Centro/agencia transcriptor | CHAP |
| 082 04 - NÚMERO DE LA CLASIFICACIÓN DECIMAL DEWEY | |
| Número de edición | 22 |
| Número de clasificación | 636.0895103 |
| Número de documento/Ítem | G64 2019 |
| 100 1# - ENTRADA PRINCIPAL--NOMBRE DE PERSONA | |
| 9 (RLIN) | 146590 |
| Nombre de persona | González Carro, Miguel Ángel |
| 245 00 - MENCIÓN DE TÍTULO | |
| Título | Vademécum de farmacología veterinaria en perros y gatos / |
| Mención de responsabilidad, etc. | por Miguel Ángel González Carro. |
| 250 ## - MENCIÓN DE EDICIÓN | |
| Mención de edición | Segunda edición. |
| 264 ## - PRODUCCIÓN, PUBLICACIÓN, DISTRIBUCIÓN, FABRICACIÓN Y COPYRIGHT | |
| Producción, publicación, distribución, fabricación y copyright | Ciudad de México : |
| Nombre del de productor, editor, distribuidor, fabricante | Trillas, |
| Fecha de producción, publicación, distribución, fabricación o copyright | 2019. |
| 300 ## - DESCRIPCIÓN FÍSICA | |
| Extensión | 433 páginas. |
| 504 ## - NOTA DE BIBLIOGRAFÍA, ETC. | |
| Nota de bibliografía, etc. | Incluye bibliografía. |
| 650 #4 - PUNTO DE ACCESO ADICIONAL DE MATERIA--TÉRMINO DE MATERIA | |
| 9 (RLIN) | 39764 |
| Término de materia o nombre geográfico como elemento de entrada | Farmacología veterinaria |
| 650 #4 - PUNTO DE ACCESO ADICIONAL DE MATERIA--TÉRMINO DE MATERIA | |
| Término de materia o nombre geográfico como elemento de entrada | Medicamentos |
| Subdivisión general | Formas de posología |
| Subdivisión de forma | Manuales |
| 9 (RLIN) | 187423 |
| 650 #4 - PUNTO DE ACCESO ADICIONAL DE MATERIA--TÉRMINO DE MATERIA | |
| 9 (RLIN) | 187424 |
| Término de materia o nombre geográfico como elemento de entrada | Perros |
| Subdivisión general | Enfermedades |
| -- | Tratamientos |
| 650 #7 - PUNTO DE ACCESO ADICIONAL DE MATERIA--TÉRMINO DE MATERIA | |
| 9 (RLIN) | 187425 |
| Término de materia o nombre geográfico como elemento de entrada | Gatos |
| Subdivisión general | Enfermedades |
| -- | Tratamientos |
| 942 ## - ELEMENTOS DE PUNTO DE ACCESO ADICIONAL (KOHA) | |
| Tipo de ítem Koha | |
| Fuente del sistema de clasificación o colocación | Dewey Decimal Classification |
| Estado de retiro | Estado de pérdida | Fuente del sistema de clasificación o colocación | Estado dañado | Restricciones de uso | No para préstamo | Código de colección | Localización permanente | Ubicación/localización actual | Ubicación en estantería | Fecha de adquisición | Total de préstamos | Signatura topográfica completa | Código de barras | Fecha visto por última vez | Precio válido a partir de | Tipo de ítem Koha | Número de copia |
|---|---|---|---|---|---|---|---|---|---|---|---|---|---|---|---|---|---|
| Dewey Decimal Classification | Préstamo interno | Consulta | Biblioteca Central | Biblioteca Central | Planta alta - Coleción Consulta | 16/06/2023 | 636.0895103 G64 2019 | 33724002576108 | 16/06/2023 | 16/06/2023 | Libro | ||||||
| Dewey Decimal Classification | Préstamo interno | Consulta | Biblioteca Central | Biblioteca Central | Planta alta - Coleción Consulta | 16/06/2023 | 636.0895103 G64 2019 | 33724002576149 | 16/06/2023 | 16/06/2023 | Libro | c.2 |
